Позитронная спектроскопия дефектов структуры в хромоцикорниевом медном сплаве до и после равноканального углового прессования; Перспективные материалы с иерархической структурой для новых технологий и надежных конструкций

Bibliographic Details
Parent link:Перспективные материалы с иерархической структурой для новых технологий и надежных конструкций.— 2015.— [С. 220-221]
Corporate Author: Национальный исследовательский Томский политехнический университет (ТПУ) Физико-технический институт (ФТИ) Кафедра общей физики (ОФ)
Other Authors: Фаизова С. Н., Рааб Г. И., Фаизов И. А., Батурин А. А. Анатолий Анатольевич, Лидер А. М. Андрей Маркович, Бордулёв Ю. С. Юрий Сергеевич, Лаптев Р. С. Роман Сергеевич, Аксенов Д. А.
Summary:Заглавие с экрана
Language:Russian
Published: 2015
Series:Научные основы разработки материалов с многоуровневой иерархической структурой
Subjects:
Online Access:http://www.ispms.ru/files/Conference/2015/tezis_2015.pdf#page=220
Format: Electronic Book Chapter
KOHA link:https://koha.lib.tpu.ru/cgi-bin/koha/opac-detail.pl?biblionumber=646037

MARC

LEADER 00000nla2a2200000 4500
001 646037
005 20251028071619.0
035 |a (RuTPU)RU\TPU\network\11158 
035 |a RU\TPU\network\11157 
090 |a 646037 
100 |a 20160209d2015 k y0rusy50 ca 
101 0 |a rus 
102 |a RU 
105 |a a z 101zy 
135 |a drgn ---uucaa 
181 0 |a i  
182 0 |a b 
200 1 |a Позитронная спектроскопия дефектов структуры в хромоцикорниевом медном сплаве до и после равноканального углового прессования  |f С. Н. Фаизова [и др.] 
203 |a Текст  |c электронный 
225 1 |a Научные основы разработки материалов с многоуровневой иерархической структурой 
300 |a Заглавие с экрана 
337 |a Adobe Reader 
463 1 |0 (RuTPU)RU\TPU\network\11053  |t Перспективные материалы с иерархической структурой для новых технологий и надежных конструкций  |o тезисы докладов Международной конференции, 21-25 сентября 2015 г., Томск  |f Российская академия наук (РАН), Сибирское отделение (СО), Институт физики прочности и материаловедения (ИФПМ)  |v [С. 220-221]  |d 2015 
610 1 |a электронный ресурс 
610 1 |a труды учёных ТПУ 
610 1 |a позитронная спектроскопия 
610 1 |a дефекты 
610 1 |a структуры 
610 1 |a медные сплавы 
610 1 |a угловое прессование 
701 1 |a Фаизова  |b С. Н. 
701 1 |a Рааб  |b Г. И. 
701 1 |a Фаизов  |b И. А. 
701 1 |a Батурин  |b А. А.  |c физик  |c доцент Томского политехнического университета, кандидат физико-математических наук  |f 1949-  |g Анатолий Анатольевич  |3 (RuTPU)RU\TPU\pers\35066 
701 1 |a Лидер  |b А. М.  |c физик  |c профессор Томского политехнического университета, доктор технических наук  |f 1976-2025  |g Андрей Маркович  |y Томск  |3 (RuTPU)RU\TPU\pers\25616  |9 11545 
701 1 |a Бордулёв  |b Ю. С.  |c физик  |c инженер Томского политехнического университета  |f 1990-  |g Юрий Сергеевич  |3 (RuTPU)RU\TPU\pers\29925 
701 1 |a Лаптев  |b Р. С.  |c физик, специалист в области неразрушающего контроля  |c доцент Томского политехнического университета, доктор технических наук  |f 1987-  |g Роман Сергеевич  |y Томск  |3 (RuTPU)RU\TPU\pers\29924  |9 14396 
701 1 |a Аксенов  |b Д. А. 
712 0 2 |a Национальный исследовательский Томский политехнический университет (ТПУ)  |b Физико-технический институт (ФТИ)  |b Кафедра общей физики (ОФ)  |3 (RuTPU)RU\TPU\col\18734 
801 1 |a RU  |b 63413507  |c 20101016 
801 2 |a RU  |b 63413507  |c 20160209  |g RCR 
856 4 |u http://www.ispms.ru/files/Conference/2015/tezis_2015.pdf#page=220 
942 |c CF